000 00709nam a2200229 a 4500
001 14978
003 BD-RjUL
005 20211209171201.0
008 161120r19971989ii ||||| |||| 00| 0 eng d
020 _a8120403886 (1997)
035 _a(BD-RjUL)15032
040 _aBD-RjUL
_beng
_cBD-RjUL
041 _aeng
082 _a 631.523
_bPLA 1997
_223
245 _aPlant breeding :
_btheory and practice /
_cEditor: V. L. Chopra
260 _aNew Delhi :
_bOxford & IBH Pub. Co.,
_cc1989 [ Reprint 1997] .
300 _axv, 490 p. :
_bill. ;
_c 24 cm.
504 _aIncludes Bibliographical References and Index
650 _aPlant breeding
_9117736
700 _aChopra, V. L. , ed.
_987
942 _2ddc
_cBK
999 _c14978
_d14978